<?xml version="1.0" encoding="UTF-8"?><?xml-stylesheet type="text/xsl" href="static/style.xsl"?><OAI-PMH xmlns="http://www.openarchives.org/OAI/2.0/" xmlns:xsi="http://www.w3.org/2001/XMLSchema-instance" xsi:schemaLocation="http://www.openarchives.org/OAI/2.0/ http://www.openarchives.org/OAI/2.0/OAI-PMH.xsd"><responseDate>2026-04-14T04:43:12Z</responseDate><request verb="GetRecord" identifier="oai:www.recercat.cat:11351/11856" metadataPrefix="marc">https://recercat.cat/oai/request</request><GetRecord><record><header><identifier>oai:recercat.cat:11351/11856</identifier><datestamp>2025-10-24T10:28:24Z</datestamp><setSpec>com_2072_378070</setSpec><setSpec>com_2072_378040</setSpec><setSpec>col_2072_378092</setSpec></header><metadata><record xmlns="http://www.loc.gov/MARC21/slim" xmlns:dcterms="http://purl.org/dc/terms/" xmlns:xsi="http://www.w3.org/2001/XMLSchema-instance" xmlns:doc="http://www.lyncode.com/xoai" xsi:schemaLocation="http://www.loc.gov/MARC21/slim http://www.loc.gov/standards/marcxml/schema/MARC21slim.xsd">
   <leader>00925njm 22002777a 4500</leader>
   <datafield ind2=" " ind1=" " tag="042">
      <subfield code="a">dc</subfield>
   </datafield>
   <datafield ind2=" " ind1=" " tag="720">
      <subfield code="a">Montoro, Juan</subfield>
      <subfield code="e">author</subfield>
   </datafield>
   <datafield ind2=" " ind1=" " tag="720">
      <subfield code="a">Ngoya, Maud</subfield>
      <subfield code="e">author</subfield>
   </datafield>
   <datafield ind2=" " ind1=" " tag="720">
      <subfield code="a">Kulagin, Alexander</subfield>
      <subfield code="e">author</subfield>
   </datafield>
   <datafield ind2=" " ind1=" " tag="720">
      <subfield code="a">Giebel, Sebastian</subfield>
      <subfield code="e">author</subfield>
   </datafield>
   <datafield ind2=" " ind1=" " tag="720">
      <subfield code="a">Broers, Annoek E. C.</subfield>
      <subfield code="e">author</subfield>
   </datafield>
   <datafield ind2=" " ind1=" " tag="720">
      <subfield code="a">Bramanti, Stefania</subfield>
      <subfield code="e">author</subfield>
   </datafield>
   <datafield ind2=" " ind1=" " tag="720">
      <subfield code="a">Fox, Maria Laura</subfield>
      <subfield code="e">author</subfield>
   </datafield>
   <datafield ind2=" " ind1=" " tag="260">
      <subfield code="c">2024-08-22T10:14:20Z</subfield>
   </datafield>
   <datafield ind2=" " ind1=" " tag="260">
      <subfield code="c">2024-08-22T10:14:20Z</subfield>
   </datafield>
   <datafield ind2=" " ind1=" " tag="260">
      <subfield code="c">2024-08-13</subfield>
   </datafield>
   <datafield ind2=" " ind1=" " tag="520">
      <subfield code="a">Profilaxi; Trasplantaments; Limfoma de Hodgkin</subfield>
   </datafield>
   <datafield ind2=" " ind1=" " tag="520">
      <subfield code="a">Profilaxis; Trasplantes; Linfoma de Hodgkin</subfield>
   </datafield>
   <datafield ind2=" " ind1=" " tag="520">
      <subfield code="a">Orophylaxis; Transplants; Hodgkin lymphoma</subfield>
   </datafield>
   <datafield ind2=" " ind1=" " tag="520">
      <subfield code="a">Studies comparing the efficacy of posttransplant cyclophosphamide (PTCy) to conventional calcineurin inhibitor (CNI)–based graft-versus-host disease (GVHD) prophylaxis regimens in patients with Hodgkin lymphoma (HL) are scarce. This study aimed to compare the outcomes of patients with HL undergoing hematopoietic stem cell transplantation (HSCT) from HLA-matched donors who received GVHD prophylaxis with either PTCy- or conventional CNI-based regimens, using data reported in the European Society for Blood and Marrow Transplantation database between January 2015 and December 2022. Among the cohort, 270 recipients received conventional CNI-based prophylaxis and 176 received PTCy prophylaxis. Notably, PTCy prophylaxis was associated with delayed hematopoietic recovery but also with a lower risk of chronic (25% vs 43%; P &lt; .001) and extensive chronic GVHD (13% vs 28%; P = .003) compared with the CNI-based cohort. The 2-year cumulative incidence of nonrelapse mortality and relapse was 11% vs 17% (P = .12) and 17% vs 30% (P = .007) for PTCy- and CNI-based, respectively. Moreover, the 2-year overall survival (OS), progression-free survival (PFS), and GVHD-free, relapse-free survival (GRFS) were all significantly better in the PTCy group compared with the CNI-based group: 85% vs 72% (P = .005), 72% vs 53% (P &lt; .001), and 59% vs 31% (P &lt; .001), respectively. In multivariable analysis, PTCy was associated with a lower risk of chronic and extensive chronic GVHD, reduced relapse, and better OS, PFS, and GRFS than the CNI-based platform. Our findings suggest that PTCy as GVHD prophylaxis offers more favorable outcomes than conventional CNI-based prophylaxis in adult patients with HL undergoing HSCT from HLA-matched donors.</subfield>
   </datafield>
   <datafield ind1="8" ind2=" " tag="024">
      <subfield code="a">http://hdl.handle.net/11351/11856</subfield>
   </datafield>
   <datafield tag="653" ind2=" " ind1=" ">
      <subfield code="a">Inhibidors enzimàtics - Ús terapèutic</subfield>
   </datafield>
   <datafield tag="653" ind2=" " ind1=" ">
      <subfield code="a">Empelt contra l'hoste, Malaltia de l'</subfield>
   </datafield>
   <datafield tag="653" ind2=" " ind1=" ">
      <subfield code="a">Cèl·lules mare hematopoètiques - Trasplantació</subfield>
   </datafield>
   <datafield tag="653" ind2=" " ind1=" ">
      <subfield code="a">Hodgkin, Malaltia de - Tractament</subfield>
   </datafield>
   <datafield tag="653" ind2=" " ind1=" ">
      <subfield code="a">DISEASES::Hemic and Lymphatic Diseases::Lymphatic Diseases::Lymphoproliferative Disorders::Lymphoma::Hodgkin Disease</subfield>
   </datafield>
   <datafield tag="653" ind2=" " ind1=" ">
      <subfield code="a">Other subheadings::Other subheadings::/therapy</subfield>
   </datafield>
   <datafield tag="653" ind2=" " ind1=" ">
      <subfield code="a">ANALYTICAL, DIAGNOSTIC AND THERAPEUTIC TECHNIQUES, AND EQUIPMENT::Therapeutics::Biological Therapy::Cell- and Tissue-Based Therapy::Cell Transplantation::Stem Cell Transplantation::Hematopoietic Stem Cell Transplantation</subfield>
   </datafield>
   <datafield tag="653" ind2=" " ind1=" ">
      <subfield code="a">DISEASES::Immune System Diseases::Graft vs Host Disease</subfield>
   </datafield>
   <datafield tag="653" ind2=" " ind1=" ">
      <subfield code="a">CHEMICALS AND DRUGS::Chemical Actions and Uses::Pharmacologic Actions::Molecular Mechanisms of Pharmacological Action::Enzyme Inhibitors::Calcineurin Inhibitors</subfield>
   </datafield>
   <datafield tag="653" ind2=" " ind1=" ">
      <subfield code="a">ENFERMEDADES::enfermedades hematológicas y linfáticas::enfermedades linfáticas::trastornos linfoproliferativos::linfoma::enfermedad de Hodgkin</subfield>
   </datafield>
   <datafield tag="653" ind2=" " ind1=" ">
      <subfield code="a">Otros calificadores::Otros calificadores::/terapia</subfield>
   </datafield>
   <datafield tag="653" ind2=" " ind1=" ">
      <subfield code="a">TÉCNICAS Y EQUIPOS ANALÍTICOS, DIAGNÓSTICOS Y TERAPÉUTICOS::terapéutica::terapia biológica::tratamientos basados en células y tejidos::trasplante de células::trasplante de células madre::trasplante de células madre hematopoyéticas</subfield>
   </datafield>
   <datafield tag="653" ind2=" " ind1=" ">
      <subfield code="a">ENFERMEDADES::enfermedades del sistema inmune::enfermedad injerto contra huésped</subfield>
   </datafield>
   <datafield tag="653" ind2=" " ind1=" ">
      <subfield code="a">COMPUESTOS QUÍMICOS Y DROGAS::acciones y usos químicos::acciones farmacológicas::mecanismos moleculares de acción farmacológica::inhibidores enzimáticos::inhibidores de calcineurina</subfield>
   </datafield>
   <datafield ind2="0" ind1="0" tag="245">
      <subfield code="a">PTCy vs CNI–based GVHD prophylaxis in HLA-matched transplants for Hodgkin lymphoma: a study of the LWP of the EBMT</subfield>
   </datafield>
</record></metadata></record></GetRecord></OAI-PMH>